LEADER 00950naa a2200217 u 4500 001 000000096503 003 CaOOAMICUS 005 20070226130146.0 008 041020s1994 it u000 u ita u 020 $a8802047979 035 $a11012269 040 $aIAR$bita 100 1 $aPustianaz, Marco.$0(OLS)http://pul/name/61497 245 10$aLetteratura italiana in Inghilterra dal secolo XVI all'inizio del Novecento /$cMarco Pustianaz. 260 $aTorino :$bUTET,$c1994. 300 $aS. 311-330 ;$c29 cm 773 0 $aL'Italia e la formazione della civiltà europea : Letteratura e vita intellettuale. 773 0 $tL'Italia e la formazione della civiltà europea. 2, Letteratura e vita intellettuale$w()19289 996 $6020$a8802047979$9(OLS)http://pul/number/24683 996 $6245$aLetteratura italiana in Inghilterra dal secolo XVI all'inizio del Novecento$9(OLS)http://pul/title/123380 996 $6260$aTorino :$bUTET$9(OLS)http://pul/publisher/48088 LEADER 01234naa a2200253 u 4500 001 000000113564 003 CaOOAMICUS 005 20081020131704.0 008 081020r20072005it e u000 u ita r 040 $aPUL$bita$dLDB 100 1 $aValzania, Sergio,$d1951-$0(OLS)http://pul/name/61541 245 10$aAusterlitz :$bla più grande vittoria di Napoleone /$cSergio Valzania. 260 $aMilano :$bIl Giornale :$bA. Mondadori ;$aMilano :$bMondadori,$cc2005$g2007 300 $a254 p. :$bpiante ;$c22 cm. 490 1 $aBiblioteca storica ;$v43 500 $aEdizione speciale per Il Giornale. 600 04$aNapoléon$bI,$cimperatore dei Francesi,$d1769-1821$xBattaglie.$0(OLS)http://pul/subject/34649 830 0$aBiblioteca storica (Il Giornale)$p[Età moderna] ;$v43.$0(OLS)http://pul/title/136797 850 $aPUL 852 $aPUL$W1$xDP2 Filosofia 3$y112$m940 COLL 1. 43$j129759$qDDC 21$B128815$CPULBib$Z2$F128815 $H108530 $82 941 1 $a9 996 $6245$aAusterlitz :$bla più grande vittoria di Napoleone$9(OLS)http://pul/title/142684 996 $6260$aMilano :$bIl Giornale :$bA. Mondadori$9(OLS)http://pul/publisher/79097 996 $6260$aMilano :$bMondadori$9(OLS)http://pul/publisher/50297